Villes ayant accueilli des matchs de Coupe d'Asie - Statistiques

Statistiques générales
  • Ce quiz a été pris 11 fois
  • Le résultat moyen est 20 sur 38
Statistiques - réponses
Pays Ville % Correct
Chine Pekin
100%
Corée du Sud Séoul
100%
Australie Sydney
100%
Qatar Doha
91%
Emirats arabes unis Dubai
91%
Hong Kong Hong Kong
91%
Indonésie Jakarta
91%
Israel Jerusalem
91%
Singapour Singapour
91%
Iran Teheran
91%
Israel Tel aviv
91%
Thailande Bangkok
82%
Liban Beyrouth
82%
Israel Haifa
82%
Vietnam Ho Chi Minh Ville
82%
Malaisie Kuala Lumpur
82%
Australie Melbourne
82%
Australie Brisbane
73%
Vietnam Hanoi
73%
Koweit Koweit
73%
Emirats arabes unis Abou dhabi
55%
Qatar Lusail
36%
Chine Chongqing
27%
Japon Hiroshima
27%
Liban Tripoli
27%
Emirats arabes unis Al Ain
18%
Qatar Al Rayyan
18%
Qatar Al Wakrah
18%
Chine Chengdu
18%
Qatar Al Khor
9%
Chine Jinan
9%
Australie Newcastle
9%
Emirats arabes unis Sharjah
9%
Iran Tabriz
9%
Indonésie Palembang
0%
Israel Ramat Gan
0%
Malaisie Shah Alam
0%
Liban Sidon
0%
Aucun quiz correspondant
Distribution des résultats
% des personnes avec chaque résultat
Percentile par nombre de réponses
Votre historique - résultats
Vous n’avez pas pris ce quiz